Industrial and commercial estates planning and site development (Record no. 87261)

MARC details
000 -LEADER
fixed length control field 01128cam a2200349 4500
008 - FIXED-LENGTH DATA ELEMENTS--GENERAL INFORMATION
fixed length control field 090401t1986 xxu||||| |||| 00| 0 eng d
020 ## - INTERNATIONAL STANDARD BOOK NUMBER
International Standard Book Number 0727702637
035 ## - SYSTEM CONTROL NUMBER
System control number (Sirsi) u15179
041 ## - LANGUAGE CODE
Language code of text/sound track or separate title eng
050 ## - LIBRARY OF CONGRESS CALL NUMBER
Classification number 333.336
110 ## - MAIN ENTRY--CORPORATE NAME
Corporate name or jurisdiction name as entry element English Estates
9 (RLIN) 1628
245 ## - TITLE STATEMENT
Title Industrial and commercial estates planning and site development
260 ## - PUBLICATION, DISTRIBUTION, ETC.
Place of publication, distribution, etc. London
Name of publisher, distributor, etc. Thomas Telford
Date of publication, distribution, etc. 1986
300 ## - PHYSICAL DESCRIPTION
Extent 166p. : ill. ; 24cm.
350 ## - PRICE (NR) (BK AM CF MU VM SE) [OBSOLETE]
Price 16
650 ## - SUBJECT ADDED ENTRY--TOPICAL TERM
Topical term or geographic name entry element PROPERTY-COMMERCIAL PROPERTY
650 ## - SUBJECT ADDED ENTRY--TOPICAL TERM
Topical term or geographic name entry element DEVELOPMENT AGENCIES
650 ## - SUBJECT ADDED ENTRY--TOPICAL TERM
Topical term or geographic name entry element DRAINAGE
650 ## - SUBJECT ADDED ENTRY--TOPICAL TERM
Topical term or geographic name entry element GROUND INVESTIGATION
650 ## - SUBJECT ADDED ENTRY--TOPICAL TERM
Topical term or geographic name entry element INDUSTRIAL DEVELOPMENT
650 ## - SUBJECT ADDED ENTRY--TOPICAL TERM
Topical term or geographic name entry element LANDSCAPE
650 ## - SUBJECT ADDED ENTRY--TOPICAL TERM
Topical term or geographic name entry element PUBLIC UTILITIES
650 ## - SUBJECT ADDED ENTRY--TOPICAL TERM
Topical term or geographic name entry element PROPERTY-INFRASTRUCTURE-TRANSPORT INFRASTRUCTURE-ROAD INFRASTRUCTURE
650 ## - SUBJECT ADDED ENTRY--TOPICAL TERM
Topical term or geographic name entry element TOPOGRAPHICAL SURVEYING
710 ## - ADDED ENTRY--CORPORATE NAME
Corporate name or jurisdiction name as entry element Scottish Development Agency
9 (RLIN) 1630
710 ## - ADDED ENTRY--CORPORATE NAME
Corporate name or jurisdiction name as entry element Welsh Development Agency
9 (RLIN) 2230
710 ## - ADDED ENTRY--CORPORATE NAME
Corporate name or jurisdiction name as entry element Industrial Development Board for Northern Ireland
9 (RLIN) 1633
710 ## - ADDED ENTRY--CORPORATE NAME
Corporate name or jurisdiction name as entry element Development Board for Rural Wales
9 (RLIN) 1634
710 ## - ADDED ENTRY--CORPORATE NAME
Corporate name or jurisdiction name as entry element Highlands and Islands Development Board
9 (RLIN) 1636
942 ## - ADDED ENTRY ELEMENTS (KOHA)
Suppress in OPAC 0
948 ## - LOCAL PROCESSING INFORMATION (OCLC); SERIES PART DESIGNATOR (RLIN)
c (OCLC) 04/03/1997
Holdings
Withdrawn status Lost status Source of classification or shelving scheme Damaged status Not for loan Home library Current library Shelving location Date acquired Cost, normal purchase price Total Checkouts Full call number Barcode Date last seen Date last checked out Copy number Cost, replacement price Price effective from Koha item type
    Dewey Decimal Classification     London London Books 14/09/1999 16.00 7 333.336 30002759 06/08/2019 28/05/2004 1 16.00 06/08/2019 Book